000 00847nam0a22002531 4500
001 rc\289984
005 20030307121055.0
010 _a5-289-00827-6
_915000
035 _a(NLR Aleph) 005521370
090 _a5511721
_c5511721
100 _a20030307d1990 u |0rusy50 ca
101 0 _arus
102 _aRU
105 _aa |||||||||
200 1 _aШаги в бессмертие
_eДокум. рассказы [о бойцах Ленингр. фронта в годы Великой Отеч. войны]
210 _aЛ.
_cЛениздат
_d1990
215 _a219, [2] с.
_cил.
_d20
700 1 _aЕзерский
_bФ. С.
_gФедор Семенович
701 1 _aФедоров
_bВ. И.
_gВиктор Иванович
801 0 _aRU
_bNLR
_gpsbo
801 1 _aRU
_bELAR
_2rusmarc
852 _aNLR
_j90-3/5656
942 _cBOOK
980 _aNB